Who Killed Who: Supernatural Quiz Stats

Quiz not verified by Sporcle

Challenge
Share
Tweet
Score 0/93 Timer 10:00
0 Plays Today
Victim Killer % Correct
Mary Winchester*Azazel
98.5%
Jessica MooreBrady
98.2%
John WinchesterAzazel
95.5%
AzazelDean Winchester
93.6%
Gordon WalkerSam Winchester
90.4%
MadisonSam Winchester
89.3%
Dean Winchester*Gabriel
88.9%
LilithSam Winchester
87.6%
RubyDean Winchester
87.6%
Sam Winchester*Jake Talley
86.9%
Bela TalbotHellhounds
85.5%
Dean Winchester*Lilith
84.6%
Jake TalleySam Winchester
84.3%
AlastairSam Winchester
83.5%
Bobby Singer*Lucifer
83.5%
Castiel*Lucifer
83.3%
GabrielLucifer
83.1%
Ava WilsonJake Talley
81.5%
John Winchester*Azazel
81%
Dick RomanDean Winchester
81%
Samuel Campbell*Azazel
80.7%
ZachariahDean Winchester
80.5%
Adolf HitlerDean Winchester
79.2%
Andy GallagherAva Wilson
79.2%
Jo HarvelleMeg
78.5%
EveDean Winchester
78.3%
Bobby SingerDick Roman
77.7%
Victor HenriksenLilith
77.4%
RaphaelCastiel
77%
Jimmy NovakLucifer
75.7%
AbaddonDean Winchester
75.2%
Victim Killer % Correct
AshAzazel
73.6%
Kevin TranGadreel
73.4%
Ellen HarvelleEllen Harvelle
73.2%
BennyDean Winchester
73.1%
MegCrowley
72.9%
CainDean Winchester
72.4%
Amy PondDean Winchester
71.6%
DeathDean Winchester
71.4%
BradySam Winchester
71.2%
OsirisSam Winchester
71.2%
TessaDean Winchester
70.7%
Samuel CampbellSam Winchester
69.6%
Rufus TurnerBobby Singer
69.4%
UrielAnna
68.3%
Dean Winchester*Lucifer
68.1%
ChronosSam Winchester
67.6%
Henry WinchesterAbaddon
67.3%
Gwen CampbellDean Winchester
67.1%
The Wicked Witch of the WestCharlie Bradbury
66.9%
Castiel*Lucifer
66.7%
Adam Milligan*Ghoul
66.3%
Mick DaviesArthur Ketch
66.1%
Frank DevereauxDick Roman
65.6%
Alpha VampireSam Winchester
65.4%
RowenaLucifer
64.7%
NaomiMetatron
63.6%
Eldon StyneDean Winchester
63.6%
DagonCastiel
63.2%
Billie*Castiel
63.1%
Arthur Ketch*Mary Winchester
62.7%
CrowleyCrowley
62.7%
Victim Killer % Correct
Rowena*Lucifer
62.5%
Dean Winchester*Metatron
62.3%
Pamela BarnesDemon
61%
AnnaMichael
61%
BartholomewCastiel
60.3%
Jacob StyneSam Winchester
59.8%
Castiel*Leviathans
59.7%
Kelly KlineJack
58.8%
GadreelGadreel
58.5%
Charlie BradburyEldon Styne
58%
MetatronAmara
57.4%
Lady Toni BevellArthur Ketch
54.9%
Eric KripkeVirgil
53.9%
Robert SingerVirgil
53.9%
Misha CollinsVirgil
53.7%
Cuthbert SinclairDean Winchester
53.7%
Vince VincenteLucifer
53.1%
The ColtDagon
52.8%
RachelCastiel
49.6%
RamielSam Winchester
47.7%
Castiel*Raphael
46.6%
IshimCastiel
46.2%
Doctor HessJody Mills
44.1%
ZeusPrometheus
43%
HesterMeg
38.7%
Castiel*April
35.2%
JoshuaDagon
34%
PrometheusPrometheus
33.1%
Alicia BanesWitch
32.1%
HannahEfram
19.1%
Asa FoxBucky Sims
7.7%

You're not logged in!

Compare scores with friends on all Sporcle quizzes.
Sign Up with Email
OR
Log In

You Might Also Like...

Show Comments

Extras

Top Quizzes Today


Score Distribution

Your Account Isn't Verified!

In order to create a playlist on Sporcle, you need to verify the email address you used during registration. Go to your Sporcle Settings to finish the process.